Bundesliga 21/22 - Statistics

General Stats
  • This quiz has been taken 34 times
  • The average score is 14 of 18
Answer Stats
Club % Correct
Bayern
100%
Borussia Dortmund
100%
Wolfsburg
90%
Union Berlin
87%
Eintracht Frankfurt
83%
Bayer Leverkusen
80%
Borussia Monchengladbach
80%
Koln
80%
Mainz
80%
Hertha Berlin
77%
RB Leipzig
77%
Greuther Furth
73%
Hoffenheim
73%
Augsburg
70%
Stuttgart
70%
Arminia Bielefeld
67%
Freiburg
57%
Bochum
50%
No matching quizzes found
Score Distribution
Percent of People with Each Score
Percentile by Number Answered
Your Score History
You have not taken this quiz